Mejore su vóleibol

Salvato in:
Dettagli Bibliografici
Autore principale: Laveaga, Robert E (Autore)
Natura: Libro
Lingua:spagnolo
Pubblicazione: Ciudad de México Pax-México 1968
Serie:Deportiva
Soggetti:
Tags: Aggiungi Tag
Nessun Tag, puoi essere il primo ad aggiungerne!!

MARC

LEADER 00000nam a2200000 a 4500
001 UCU0149
003 CL-VaPUC
008 960315e19680000MX |||||||||||||||||spa|d
082 0 4 |a 796.325  |b LAV  |2 21 
100 0 |a Laveaga, Robert E  |e author  |9 355154 
245 1 0 |a Mejore su vóleibol 
300 |a 72 p 
942 |c BK 
945 |d 19960315 00:00:00  |a paguirre 
260 |a Ciudad de México  |b Pax-México  |c 1968 
650 0 |a Voleibol  |9 307522 
650 7 |a DEPORTE  |2 CL-VaPUC  |9 355155 
650 7 |a JUEGOS DE PELOTA  |2 CL-VaPUC  |9 340284 
583 |a last modification  |c 19960315 00:00:00  |k Rodrigo Vera 
490 0 |a Deportiva 
999 |c 245093  |d 245091 
952 |0 0  |1 0  |4 0  |6 796_325000000000000_LAV_1968  |7 0  |8 P  |9 259475  |a BIBEDU  |b BIBEDU  |c BIBEDU_PB  |d 2019-11-19  |i 1631764  |o 796.325 LAV 1968  |p 1631764  |r 2024-01-25  |w 2019-11-19  |y BK  |k EDU